000 00595nam a22002057a 4500
005 20170124105955.0
010 _a623371
020 _c00.00
_a297000918
035 _a623371
037 _bCen Lib/Ret
040 _aDPL
_bEN
082 _a320.3
_bDIC
245 _aA dictionary of politics /
_cedited by Walter Laqueur
260 _aLondon
_bWeidenfeld & Nicolson
_c1971
270 _bLondon
_a5 winsley street
300 _a593p
_c21cm(Hb)
650 _aPoltical science
_vDictionaries
_914519
700 _aLaqueur, Walter
_914486
942 _2ddc
_cEN
_h320.03
_mDIC
999 _c125475
_d125475